000 00529nam a22002057a 4500
008 131009b xxu||||| |||| 00| 0 alb d
020 _a9951040187
041 0 _aalb
080 _a02:008
_x(091)
100 _aFoniqi, Tahir
245 1 0 _aTema nga bibliotekaria /
_cTahir Foniqi.
260 _aPrishtine :
_bERA ;
_c2003
300 _a160 f.:
_c20 cm.
500 _aParathënie : f. 9
500 _aShënime për autorin : f.160
650 0 _aBibliotekonomia
650 0 _aKultura
650 0 _aBibliotekaria
942 _2udc
_cBK
999 _c76
_d76